Los suicidios en Cataluña y en general en toda España / (Record no. 166021)

MARC details
000 -LEADER
campo de control de longitud fija 00707nam a22001935i 4500
001 - NÚMERO DE CONTROL
campo de control 166021
003 - IDENTIFICADOR DE NÚMERO DE CONTROL
campo de control ES-MaACL
005 - FECHA Y HORA DE LA ÚLTIMA TRANSACCIÓN
campo de control 20230906213240.0
008 - DATOS DE LONGITUD FIJA--INFORMACIÓN GENERAL
campo de control de longitud fija 020111s1900 sp |||| | spa d
100 1# - ENTRADA PRINCIPAL--NOMBRE DE PERSONA
Nombre de persona Tápia y Gil, Ambrosio.
9 (RLIN) 133427
245 14 - MENCIÓN DEL TÍTULO
Título Los suicidios en Cataluña y en general en toda España /
Mención de responsabilidad, etc. Ambrosio Tápia.
260 ## - PUBLICACIÓN, DISTRIBUCIÓN, ETC.
Lugar de publicación, distribución, etc. Barcelona :
Nombre del editor, distribuidor, etc. [s.n.],
Fecha de publicación, distribución, etc. 1900 (
Fabricante Tipolitografía de Luis Tasso)
300 ## - DESCRIPCIÓN FÍSICA
Extensión 237 p. ;
Dimensiones 20 cm.
530 ## - NOTA DISPONIBLE DE FORMULARIO FÍSICO ADICIONAL
Nota de formato físico adicional disponible Disponible en formato digital.
650 #4 - PUNTO DE ACCESO ADICIONAL DE MATERIA--TÉRMINO DE MATERIA
Término de materia o nombre geográfico como elemento de entrada Suicidio-
Subdivisión geográfica Cataluña.
9 (RLIN) 173447
650 #4 - PUNTO DE ACCESO ADICIONAL DE MATERIA--TÉRMINO DE MATERIA
Término de materia o nombre geográfico como elemento de entrada Suicidio-
Subdivisión geográfica España.
9 (RLIN) 151685
852 4# - LOCALIZACIÓN
Ubicación ES-MaACL
Número de control de estantería G-1848
Nota libre - Enc. hol.
856 4# - LOCALIZACIÓN Y ACCESO ELECTRÓNICOS
Identificador Uniforme de Recursos <a href="https://archive.org/details/lossuicidiosenc00tpgoog ">https://archive.org/details/lossuicidiosenc00tpgoog </a>
Nota pública Internet Archive
Holdings
Estatus retirado Estado de pérdida Estado de daño No para préstamo Colección Biblioteca de origen Biblioteca actual Ubicación en estantería Fecha de adquisición Fuente de adquisición Total de préstamos Signatura topográfica completa Código de barras Visto por última vez Precio de reemplazo Tipo de ítem Koha
        Colección digital Biblioteca del Ateneo de Madrid Biblioteca del Ateneo de Madrid Depósito 2 17/01/2008     G-1848 1174113 23/02/2023 23/02/2023 Libro impreso antiguo